|
|
|
|
| LEADER |
00000cam a2200000 a 4500 |
| 001 |
54841 |
| 003 |
CZ-ZlUTB |
| 005 |
20240829142826.0 |
| 007 |
ta |
| 008 |
100202s2007 xo e p 000 0 slo d |
| 020 |
|
|
|a 9788089256051
|q (brož.)
|
| 040 |
|
|
|a ZLD002
|b cze
|
| 072 |
|
7 |
|a 37
|x Výchova a vzdělávání
|2 Konspekt
|9 22
|
| 072 |
|
7 |
|a 37.016
|x Učební osnovy. Vyučovací předměty. Učebnice
|2 Konspekt
|9 22
|
| 080 |
|
|
|a 37.048
|2 MRF
|
| 080 |
|
|
|a 37.091.12-057.86
|2 MRF
|
| 080 |
|
|
|a (075)
|2 MRF
|
| 100 |
1 |
|
|a Šefránková, Mária
|7 utb2010557574
|4 aut
|
| 245 |
1 |
0 |
|a Výchovný poradca /
|c Mária Šefránková
|
| 260 |
|
|
|a Bratislava :
|b Iris,
|c 2007
|
| 300 |
|
|
|a 107 s. ;
|c 30 cm
|
| 500 |
|
|
|a Obsahuje výkladový slovníček
|
| 504 |
|
|
|a Obsahuje bibliografii
|
| 650 |
0 |
7 |
|a výchovné poradenství
|7 ph127430
|2 czenas
|
| 650 |
0 |
7 |
|a výchovní poradci
|7 ph182929
|2 czenas
|
| 650 |
0 |
9 |
|a educational counseling
|2 eczenas
|
| 655 |
|
9 |
|a educational counselors
|2 eczenas
|
| 655 |
|
7 |
|a učebnice
|7 fd133770
|2 czenas
|
| 655 |
|
9 |
|a textbooks
|2 eczenas
|
| 910 |
|
|
|a ZLD002
|
| 952 |
|
|
|0 0
|1 0
|4 0
|6 37ŠEFRÁNKOVÁM
|7 0
|8 BOOK
|9 100491
|a UTBZL
|b UTBZL
|c 005
|d 2010-02-02
|l 0
|o 37/ŠEFRÁNKOVÁ,M.
|p 420010129587
|r 2019-08-26 00:00:00
|v 187.00
|w 2019-08-26
|x N: nákup | 20100831
|y 01
|
| 952 |
|
|
|0 0
|1 0
|4 0
|6 37ŠEFRÁNKOVÁM
|7 0
|8 BOOK
|9 100492
|a UTBZL
|b UTBZL
|c 006
|d 2010-02-02
|l 21
|o 37/ŠEFRÁNKOVÁ,M.
|p 420010129586
|r 2020-10-15 00:00:00
|s 2020-09-19
|v 187.00
|w 2019-08-26
|x N: nákup | 20100831
|y 04
|
| 992 |
|
|
|a BK
|b SK
|d 19
|
| 999 |
|
|
|c 54841
|d 54841
|